Connect the Really Long Words Quiz Stats

 Plays Quiz Updated Jul 14, 2016

Also try: Divided Bands
Challenge
Share
Tweet
Score 0/28 Timer 03:00
0 Plays Today
% Correct
multimil
91.1%
Czechosl
88.4%
autobiog
86.2%
agricult
85.7%
hypersen
85.5%
electrom
83.5%
unconsti
81.5%
bloodthi
79.8%
antiinfl
78.9%
discombo
78.1%
counterc
77.8%
lighthea
71.3%
anesthes
70.3%
intercon
70.1%
% Correct
extrater
68.4%
otherwor
68.4%
misappre
65.7%
extempor
64.2%
neurotra
63.9%
circumst
60%
anthropo
59.2%
transubs
55.3%
paraprof
54.4%
historio
51.5%
phantasm
48%
tracheob
44%
weathers
40.6%
contrain
31.9%

You're not logged in!

Compare scores with friends on all Sporcle quizzes.
OR
Log In

You Might Also Like...

Show Comments

Extras

Top Quizzes Today


Score Distribution

Your Account Isn't Verified!

In order to create a playlist on Sporcle, you need to verify the email address you used during registration. Go to your Sporcle Settings to finish the process.

Report this User

Report this user for behavior that violates our Community Guidelines.

Details: